[Event "Fide Grand Prix Thessaloniki 2013"]
[Site "Thessaloniki GRE"]
[Date "2013.05.28"]
[Round "6.4"]
[White "Topalov, Veselin"]
[Black "Kasimdzhanov, Rustam"]
[Result "1/2-1/2"]
[WhiteElo "2793"]
[BlackElo "2699"]
[PlyCount "113"]
[EventDate "2013.05.22"]
[EventType "tourn"]
[EventRounds "11"]
[EventCountry "GRE"]
[EventCategory "21"]
[Source "lmi"]
[SourceDate "2013.05.22"]

1. e4 e5 2. Nf3 Nc6 3. Bb5 a6 4. Ba4 Nf6 5. O-O Be7 6. d3 b5 7. Bb3 O-O 8. Nc3
d6 9. a3 Na5 10. Ba2 Be6 11. Bxe6 fxe6 12. b4 Nc6 13. Bd2 Nd4 14. Nxd4 exd4 15.
Ne2 c5 16. h3 Qd7 17. Qb1 e5 18. bxc5 dxc5 19. a4 Qc6 20. Ng3 c4 21. Nf5 Bc5
22. f4 Nxe4 23. dxe4 Qxe4 24. Ng3 Qxc2 25. Ne4 d3+ 26. Kh1 Bd4 27. axb5 Bxa1
28. Qxa1 c3 29. Qxc3 Qxc3 30. Bxc3 Rxf4 31. Rxf4 exf4 32. bxa6 Rxa6 33. Kg1 Re6
34. Ng5 Re2 35. Nf3 g5 36. Kf1 Rc2 37. Bd2 h6 38. Ke1 Rc4 39. Kd1 Re4 40. Ne1
Re2 41. h4 gxh4 42. Bxf4 Kh7 43. Bc7 Rf2 44. Bb6 Ra2 45. Bd8 Rxg2 46. Nxg2 h3
47. Bc7 hxg2 48. Bh2 Kg6 49. Kd2 Kf5 50. Kxd3 Kg4 51. Ke3 Kh3 52. Bg1 Kg3 53.
Bf2+ Kh2 54. Kf4 g1=Q 55. Bxg1+ Kxg1 56. Kg4 h5+ 57. Kxh5 1/2-1/2

[Event "Fide Grand Prix Thessaloniki 2013"]
[Site "Thessaloniki GRE"]
[Date "2013.05.28"]
[Round "6.5"]
[White "Kamsky, Gata"]
[Black "Svidler, Peter"]
[Result "1-0"]
[WhiteElo "2741"]
[BlackElo "2769"]
[PlyCount "85"]
[EventDate "2013.05.22"]
[EventType "tourn"]
[EventRounds "11"]
[EventCountry "GRE"]
[EventCategory "21"]
[Source "lmi"]
[SourceDate "2013.05.22"]

1. c4 Nf6 2. Nc3 e5 3. g3 d5 4. cxd5 Nxd5 5. Bg2 Nb6 6. Nf3 Nc6 7. d3 Be7 8.
O-O O-O 9. Be3 Be6 10. Rc1 f5 11. a3 Bf6 12. Nd2 Kh8 13. b4 Rb8 14. Bc5 Ne7 15.
b5 Nbc8 16. a4 b6 17. Ba3 Nd6 18. Rc2 Rc8 19. Qc1 Qd7 20. Re1 Rfd8 21. e4 Bg5
22. Qa1 c5 23. Nf3 Bf6 24. Bb2 Ng6 25. h4 h5 26. Nd5 Nf7 27. Qd1 f4 28. Nh2 Bg4
29. Nxg4 hxg4 30. gxf4 Nxh4 31. f5 Nh6 32. f3 gxf3 33. Bxf3 Qf7 34. Bh5 Qg8 35.
Ne3 Qb3 36. Rd2 c4 37. dxc4 Qb4 38. Nd5 Rxd5 39. cxd5 Bg5 40. Rf2 Rc3 41. Bxc3
Qxc3 42. Rh2 Bf4 43. Qe2 1-0

[Event "Fide Grand Prix Thessaloniki 2013"]
[Site "Thessaloniki GRE"]
[Date "2013.05.28"]
[Round "6.6"]
[White "Ponomariov, Ruslan"]
[Black "Ivanchuk, Vassily"]
[Result "1-0"]
[WhiteElo "2742"]
[BlackElo "2755"]
[PlyCount "37"]
[EventDate "2013.05.22"]
[EventType "tourn"]
[EventRounds "11"]
[EventCountry "GRE"]
[EventCategory "21"]
[Source "lmi"]
[SourceDate "2013.05.22"]

1. e4 e6 2. d4 d5 3. Nd2 Nf6 4. e5 Nfd7 5. f4 c5 6. Ngf3 Nc6 7. Nb3 c4 8. Nbd2
b5 9. Be2 Nb6 10. Nf1 h5 11. Ne3 Bd7 12. O-O Be7 13. b3 g6 14. Bd2 a6 15. Be1
Qc7 16. h3 O-O-O 17. a4 Kb7 18. Qb1 Na7 19. a5 1-0

[Event "Fide Grand Prix Thessaloniki 2013"]
[Site "Thessaloniki GRE"]
[Date "2013.05.30"]
[Round "8.1"]
[White "Grischuk, Alexander"]
[Black "Caruana, Fabiano"]
[Result "1/2-1/2"]
[WhiteElo "2779"]
[BlackElo "2774"]
[PlyCount "130"]
[EventDate "2013.05.22"]
[EventType "tourn"]
[EventRounds "11"]
[EventCountry "GRE"]
[EventCategory "21"]
[Source "lmi"]
[SourceDate "2013.05.22"]

1. e4 e5 2. Nf3 Nc6 3. Bb5 a6 4. Ba4 Nf6 5. O-O Be7 6. Re1 b5 7. Bb3 O-O 8. a4
b4 9. d4 d6 10. dxe5 dxe5 11. Nbd2 Bc5 12. Qe2 Bg4 13. h3 Bh5 14. c3 Na5 15. g4
Bg6 16. Bc2 bxc3 17. bxc3 Nd5 18. Nb1 Nf4 19. Bxf4 exf4 20. Nbd2 Qe7 21. Kg2
Bb6 22. Nc4 Qc5 23. Nce5 Qxc3 24. Rad1 Rfe8 25. Nxg6 hxg6 26. e5 Re7 27. h4
Rae8 28. h5 gxh5 29. Qe4 g6 30. gxh5 Qc6 31. hxg6 Qxg6+ 32. Qxg6+ fxg6 33. Rg1
Nc6 34. Bxg6 Rg7 35. Kf1 Re6 36. Bf5 Rxg1+ 37. Kxg1 Re7 38. Rd5 Kg7 39. Be4 a5
40. Kg2 Kh6 41. Rd1 Rg7+ 42. Kf1 Ne7 43. Ke2 Rg4 44. Rh1+ Kg7 45. Rh7+ Kf8 46.
e6 Rg7 47. Rh4 Ng8 48. Rxf4+ Ke7 49. Bf5 Nf6 50. Nh4 Nd5 51. Rf3 Kd6 52. Ng6
Bd4 53. Nf4 Nxf4+ 54. Rxf4 c5 55. Re4 Rb7 56. f4 Ke7 57. Kf3 Rb3+ 58. Kg4 Re3
59. Rxe3 Bxe3 60. Kf3 Bd2 61. Bd3 Kxe6 62. Bc4+ Kf6 63. Bd3 Ke6 64. Bc4+ Kf6
65. Bd3 Ke6 1/2-1/2

[Event "Fide Grand Prix Thessaloniki 2013"]
[Site "Thessaloniki GRE"]
[Date "2013.05.30"]
[Round "8.3"]
[White "Topalov, Veselin"]
[Black "Bacrot, Etienne"]
[Result "0-1"]
[WhiteElo "2793"]
[BlackElo "2725"]
[PlyCount "92"]
[EventDate "2013.05.22"]
[EventType "tourn"]
[EventRounds "11"]
[EventCountry "GRE"]
[EventCategory "21"]
[Source "lmi"]
[SourceDate "2013.05.22"]

1. e4 e5 2. Nf3 Nc6 3. Bb5 Nf6 4. d3 Bc5 5. Bxc6 dxc6 6. Qe2 Bd6 7. Nc3 c5 8.
g3 Nd7 9. Nd5 Nb8 10. c3 Nc6 11. Bd2 Be7 12. b4 cxb4 13. cxb4 Bg4 14. Bc3 Bxb4
15. Bxb4 Nxb4 16. Nxb4 Qf6 17. Qb2 Qxf3 18. Qxe5+ Be6 19. O-O O-O 20. Nd5 Bh3
21. Nf4 Bxf1 22. Rxf1 c6 23. h3 Rfe8 24. Qc5 h6 25. Qc2 g5 26. Ng2 Rad8 27. Ne3
Qf6 28. Kg2 Qd4 29. Rd1 Re5 30. Qe2 Ra5 31. h4 gxh4 32. Qg4+ Qg7 33. Qxh4 Qg5
34. Qh3 Rxa2 35. Nf5 h5 36. d4 Kf8 37. Rh1 Qd2 38. Rf1 Qg5 39. Rh1 Ke8 40. Qxh5
Qxh5 41. Rxh5 a5 42. Rh8+ Kd7 43. Rh7 Rf8 44. g4 Re2 45. Kf3 Re1 46. g5 Rg1 0-1

[Event "Fide Grand Prix Thessaloniki 2013"]
[Site "Thessaloniki GRE"]
[Date "2013.05.30"]
[Round "8.5"]
[White "Ponomariov, Ruslan"]
[Black "Kasimdzhanov, Rustam"]
[Result "0-1"]
[WhiteElo "2742"]
[BlackElo "2699"]
[PlyCount "154"]
[EventDate "2013.05.22"]
[EventType "tourn"]
[EventRounds "11"]
[EventCountry "GRE"]
[EventCategory "21"]
[Source "lmi"]
[SourceDate "2013.05.22"]

1. e4 e5 2. Nf3 Nc6 3. Bb5 a6 4. Ba4 Nf6 5. O-O b5 6. Bb3 Bc5 7. Nc3 O-O 8. d3
h6 9. Nd5 d6 10. c3 Rb8 11. h3 Nxd5 12. exd5 Ne7 13. d4 exd4 14. Nxd4 Qd7 15.
Qd3 Bb7 16. Bc2 Ng6 17. Nf5 Rfe8 18. b3 Re5 19. c4 Qd8 20. Bd2 Bc8 21. Ng3 Qh4
22. Kh2 Bd7 23. f4 bxc4 24. bxc4 Re7 25. Rae1 Rxe1 26. Bxe1 Bb6 27. Qc3 Re8 28.
Bf5 Re3 29. Qb2 Rxe1 30. Rxe1 Bxf5 31. Qxg7+ Kxg7 32. Nxf5+ Kf6 33. Nxh4 Nxh4
34. Kg3 Nf5+ 35. Kf3 Nh4+ 36. Kg3 h5 37. Rb1 Nf5+ 38. Kf3 Nh4+ 39. Kg3 Nf5+ 40.
Kf3 h4 41. Re1 a5 42. Re8 Kg7 43. Ke2 Ng3+ 44. Kf3 Nf5 45. Ke2 Ng3+ 46. Kf3 f5
47. Re7+ Kg6 48. Re6+ Kg7 49. Re7+ Kg6 50. Re6+ Kh7 51. Re7+ Kh6 52. Re6+ Kh7
53. Re7+ Kh6 54. Re6+ Kh5 55. Rf6 Bc5 56. Rf7 Kg6 57. Rxc7 Ne4 58. Rc8 a4 59.
g4 hxg3 60. h4 a3 61. Rg8+ Kf7 62. Rc8 Nc3 63. Rc7+ Kg6 64. Rxc5 dxc5 65. d6 g2
66. Kxg2 Ne2 67. Kf3 Nd4+ 68. Kf2 Kh5 69. d7 Ne6 70. Kg3 Kg6 71. Kf2 Kf6 72. h5
Ke7 73. Ke3 Kxd7 74. h6 Nf8 75. Kd2 Ke6 76. Kc3 Kf6 77. Kb3 Ne6 0-1

[Event "Fide Grand Prix Thessaloniki 2013"]
[Site "Thessaloniki GRE"]
[Date "2013.05.30"]
[Round "8.6"]
[White "Ivanchuk, Vassily"]
[Black "Svidler, Peter"]
[Result "0-1"]
[WhiteElo "2755"]
[BlackElo "2769"]
[PlyCount "82"]
[EventDate "2013.05.22"]
[EventType "tourn"]
[EventRounds "11"]
[EventCountry "GRE"]
[EventCategory "21"]
[Source "lmi"]
[SourceDate "2013.05.22"]

1. e4 e5 2. Nf3 Nc6 3. Bb5 a6 4. Ba4 Nf6 5. O-O Be7 6. d3 b5 7. Bb3 d6 8. a3
O-O 9. Nc3 Be6 10. Nd5 Nd4 11. Nxe7+ Qxe7 12. Nxd4 exd4 13. Bg5 Bxb3 14. cxb3
h6 15. Bh4 Qe6 16. f4 c5 17. b4 Rfe8 18. f5 Qe5 19. Bg3 Qe7 20. bxc5 dxc5 21.
e5 Nd5 22. f6 Qe6 23. fxg7 Ne3 24. Qd2 Nxf1 25. Rxf1 Qg6 26. Rf6 Qxg7 27. Bf4
Re6 28. Bxh6 Qg4 29. h3 Qh5 30. Rxe6 fxe6 31. Qf4 Qg6 32. h4 Kh7 33. Bf8 Ra7
34. Bxc5 Rg7 35. Qf1 Qh5 36. Bxd4 Qxh4 37. Be3 Qg3 38. Bf4 Qg4 39. d4 Qf5 40.
Qf2 Kg8 41. Qf3 Qb1+ 0-1

[Event "Fide Grand Prix Thessaloniki 2013"]
[Site "Thessaloniki GRE"]
[Date "2013.06.01"]
[Round "9.1"]
[White "Svidler, Peter"]
[Black "Grischuk, Alexander"]
[Result "1/2-1/2"]
[WhiteElo "2769"]
[BlackElo "2779"]
[PlyCount "128"]
[EventDate "2013.05.22"]
[EventType "tourn"]
[EventRounds "11"]
[EventCountry "GRE"]
[EventCategory "21"]
[Source "lmi"]
[SourceDate "2013.05.22"]

1. d4 Nf6 2. c4 g6 3. Nc3 Bg7 4. e4 d6 5. h3 O-O 6. Bg5 c5 7. d5 e6 8. Bd3 exd5
9. cxd5 h6 10. Bf4 g5 11. Bh2 Re8 12. Nge2 c4 13. Bc2 Na6 14. O-O Nc5 15. f3 b5
16. Kh1 Qb6 17. Bg1 Bd7 18. Qd2 Qd8 19. Bd4 Nh5 20. Bxg7 Nxg7 21. g4 Qf6 22.
Qd4 Qe5 23. b4 cxb3 24. axb3 a5 25. b4 axb4 26. Qxb4 Reb8 27. Rxa8 Rxa8 28. Rb1
Ne8 29. Qd4 Qxd4 30. Nxd4 Nc7 31. Ndxb5 Nxb5 32. Nxb5 Bxb5 33. Rxb5 Ra2 34. Bb1
Re2 35. Kg1 Nd7 36. Kf1 Rd2 37. Ke1 Rh2 38. Bd3 Rxh3 39. Be2 h5 40. gxh5 Rxh5
41. Rb7 Ne5 42. Rb6 Rh6 43. Kf2 Kf8 44. Kg3 Rf6 45. Rb8+ Ke7 46. Rb7+ Kd8 47.
Rb8+ Kc7 48. Rg8 Rg6 49. Rxg6 fxg6 50. Bb5 Kb6 51. Be8 Kc5 52. f4 gxf4+ 53.
Kxf4 Kd4 54. Bb5 Nf7 55. Be8 Ne5 56. Bb5 g5+ 57. Kxg5 Kxe4 58. Bc6 Kd4 59. Kf5
Nd3 60. Bb7 Nb4 61. Kf4 Nxd5+ 62. Kf3 Nc3 63. Ba8 d5 64. Bxd5 Nxd5 1/2-1/2

[Event "Fide Grand Prix Thessaloniki 2013"]
[Site "Thessaloniki GRE"]
[Date "2013.06.01"]
[Round "9.4"]
[White "Bacrot, Etienne"]
[Black "Kamsky, Gata"]
[Result "1/2-1/2"]
[WhiteElo "2725"]
[BlackElo "2741"]
[PlyCount "97"]
[EventDate "2013.05.22"]
[EventType "tourn"]
[EventRounds "11"]
[EventCountry "GRE"]
[EventCategory "21"]
[Source "lmi"]
[SourceDate "2013.05.22"]

1. d4 d5 2. c4 c6 3. Nf3 Nf6 4. Nc3 a6 5. e3 g6 6. Bd3 Bg7 7. O-O O-O 8. Qb3
dxc4 9. Bxc4 b5 10. Be2 a5 11. Qc2 b4 12. Ne4 Nxe4 13. Qxe4 Ba6 14. Bxa6 Rxa6
15. Bd2 c5 16. Rac1 Re6 17. Qh4 Bf6 18. Qh6 cxd4 19. exd4 Nc6 20. Be3 Rd6 21.
Rc4 Bg7 22. Qh4 Qd7 23. h3 Rd8 24. Rfc1 Nxd4 25. Bxd4 Bxd4 26. Nxd4 Rxd4 27.
Rxd4 Qxd4 28. Qxe7 Kg7 29. Qe2 Rd5 30. Qc2 h5 31. a3 h4 32. axb4 axb4 33. b3
Qe5 34. Rd1 Rc5 35. Qd2 Rc3 36. Qd4 Qxd4 37. Rxd4 Rxb3 38. Rxh4 Rb1+ 39. Kh2
Kf6 40. Re4 b3 41. Re3 b2 42. Rb3 Ke5 43. g3 Kd4 44. Kg2 Kc4 45. Rb8 Kc3 46.
Rc8+ Kb3 47. Rb8+ Kc3 48. Rc8+ Kb3 49. Rb8+ 1/2-1/2

[Event "Fide Grand Prix Thessaloniki 2013"]
[Site "Thessaloniki GRE"]
[Date "2013.06.01"]
[Round "9.6"]
[White "Caruana, Fabiano"]
[Black "Dominguez Perez, Leinier"]
[Result "0-1"]
[WhiteElo "2774"]
[BlackElo "2723"]
[PlyCount "130"]
[EventDate "2013.05.22"]
[EventType "tourn"]
[EventRounds "11"]
[EventCountry "GRE"]
[EventCategory "21"]
[Source "lmi"]
[SourceDate "2013.05.22"]

1. e4 c5 2. Nf3 d6 3. d4 cxd4 4. Nxd4 Nf6 5. Nc3 a6 6. f3 e5 7. Nb3 Be6 8. Be3
h5 9. Qd2 Nbd7 10. Nd5 Bxd5 11. exd5 g6 12. Be2 Qc7 13. c4 a5 14. Rd1 a4 15.
Na1 Qa5 16. Qxa5 Rxa5 17. Nc2 Bh6 18. Bf2 Ke7 19. g3 Ne8 20. O-O f5 21. Rfe1
Nef6 22. Bf1 Kf7 23. Na3 e4 24. f4 g5 25. fxg5 Bxg5 26. Bd4 Ne5 27. Be2 h4 28.
Rf1 Kg6 29. Nb5 Rxb5 30. cxb5 hxg3 31. hxg3 Rc8 32. Rf2 Nfg4 33. Bxg4 Nxg4 34.
Re2 Rc4 35. a3 Bf6 36. Ba7 Be5 37. Kg2 Nf6 38. Rdd2 Rc8 39. Bd4 Re8 40. Re1 Kg5
41. Bxe5 Rxe5 42. Rd4 f4 43. gxf4+ Kxf4 44. Rxa4 Rxd5 45. Re2 Rxb5 46. b4 Rg5+
47. Kf1 Ng4 48. Ke1 Ne3 49. Rf2+ Ke5 50. Ra7 Rg7 51. a4 d5 52. a5 d4 53. a6
Rg1+ 54. Ke2 bxa6 55. Re7+ Kd5 56. Rd7+ Kc4 57. Rc7+ Kb3 58. Rh2 Rg3 59. Rd7
d3+ 60. Ke1 Rf3 61. Rh1 Nc4 62. Rd4 Re3+ 63. Kf2 Re2+ 64. Kg3 Kc3 65. Rd8 d2
0-1

[Event "Fide Grand Prix Thessaloniki 2013"]
[Site "Thessaloniki GRE"]
[Date "2013.06.02"]
[Round "10.1"]
[White "Grischuk, Alexander"]
[Black "Dominguez Perez, Leinier"]
[Result "1/2-1/2"]
[WhiteElo "2779"]
[BlackElo "2723"]
[PlyCount "65"]
[EventDate "2013.05.22"]
[EventType "tourn"]
[EventRounds "11"]
[EventCountry "GRE"]
[EventCategory "21"]
[Source "lmi"]
[SourceDate "2013.05.22"]

1. d4 Nf6 2. c4 g6 3. f3 d5 4. cxd5 Nxd5 5. e4 Nb6 6. Nc3 Bg7 7. Be3 O-O 8. Qd2
e5 9. d5 c6 10. h4 cxd5 11. exd5 N8d7 12. h5 Nf6 13. hxg6 fxg6 14. O-O-O Bd7
15. d6 Rc8 16. Kb1 e4 17. fxe4 Ng4 18. Bg5 Qe8 19. Nf3 Rf7 20. Be7 Rxc3 21.
bxc3 Qc8 22. Rc1 Na4 23. Ng5 Qc5 24. Nxf7 Nxc3+ 25. Rxc3 Bxc3 26. Nh6+ Kg7 27.
Qd5 Qb4+ 28. Qb3 Qxe4+ 29. Qc2 Qe1+ 30. Qc1 Qe4+ 31. Qc2 Qe1+ 32. Qc1 Qe4+ 33.
Qc2 1/2-1/2

[Event "Fide Grand Prix Thessaloniki 2013"]
[Site "Thessaloniki GRE"]
[Date "2013.06.02"]
[Round "10.2"]
[White "Topalov, Veselin"]
[Black "Caruana, Fabiano"]
[Result "0-1"]
[WhiteElo "2793"]
[BlackElo "2774"]
[PlyCount "120"]
[EventDate "2013.05.22"]
[EventType "tourn"]
[EventRounds "11"]
[EventCountry "GRE"]
[EventCategory "21"]
[Source "lmi"]
[SourceDate "2013.05.22"]

1. e4 e5 2. Nf3 Nc6 3. Bb5 a6 4. Ba4 Nf6 5. O-O b5 6. Bb3 Bc5 7. Nc3 d6 8. Nd5
Na5 9. d4 Nxb3 10. axb3 Nxd5 11. exd5 exd4 12. Re1+ Kf8 13. Nxd4 Bd7 14. Be3
Qf6 15. Qd2 h5 16. b4 Bb6 17. Ra3 h4 18. Ne6+ Kg8 19. Bxb6 cxb6 20. Ng5 Rc8 21.
Rf3 Qg6 22. Rd3 Rh5 23. f4 f6 24. Ne4 Rc7 25. Nxd6 f5 26. Qe2 Rh6 27. Ne8 Rc8
28. Re3 Kf8 29. Nxg7 Qxg7 30. c3 Qg4 31. Qd2 Rh7 32. Qd4 Rg7 33. R1e2 Qg6 34.
b3 a5 35. bxa5 bxa5 36. h3 a4 37. Qb4+ Kg8 38. bxa4 bxa4 39. c4 Qf6 40. c5 Qf8
41. d6 Rb8 42. Qd4 Bc6 43. Re7 a3 44. Qc4+ Kh8 45. Qc3 Ra8 46. Qa1 Be4 47. Qe5
Bc6 48. Qa1 a2 49. Kh2 Be4 50. Rc7 Qg8 51. Re7 Kh7 52. Qf6 Rxe7 53. Qxh4+ Kg7
54. Qxe7+ Kh8 55. Rxe4 a1=Q 56. Re5 Qb2 57. Re2 Qbg7 58. Qh4+ Q8h7 59. Qe1 Qhg6
60. d7 Qxd7 0-1

[Event "Fide Grand Prix Thessaloniki 2013"]
[Site "Thessaloniki GRE"]
[Date "2013.06.02"]
[Round "10.4"]
[White "Ponomariov, Ruslan"]
[Black "Bacrot, Etienne"]
[Result "1-0"]
[WhiteElo "2742"]
[BlackElo "2725"]
[PlyCount "101"]
[EventDate "2013.05.22"]
[EventType "tourn"]
[EventRounds "11"]
[EventCountry "GRE"]
[EventCategory "21"]
[Source "lmi"]
[SourceDate "2013.05.22"]

1. e4 e5 2. Nf3 Nc6 3. Bc4 Bc5 4. d3 Nf6 5. O-O O-O 6. h3 d6 7. c3 Bb6 8. Bb3
Ne7 9. Nbd2 c6 10. Re1 Ng6 11. d4 h6 12. Bc2 Re8 13. a3 a5 14. Nc4 Bc7 15. Be3
exd4 16. Bxd4 Nh5 17. e5 d5 18. Ne3 Nhf4 19. Nf5 Be6 20. Qd2 Bxf5 21. Bxf5 Ne6
22. Rad1 Nh4 23. Nxh4 Qxh4 24. g3 Qg5 25. Qc2 g6 26. Bd3 h5 27. h4 Qg4 28. Be2
Qe4 29. Qc1 Qf5 30. Bd3 Qg4 31. Be2 Qf5 32. Kg2 Ng7 33. Bd3 Qd7 34. f4 b5 35.
Qc2 Rab8 36. Kh2 Bb6 37. Bf1 Qa7 38. Bh3 b4 39. f5 bxa3 40. bxa3 gxf5 41. Bxf5
Bxd4 42. cxd4 Nxf5 43. Qxf5 Rb2+ 44. Kh3 Re6 45. Qxh5 c5 46. dxc5 Qxc5 47. Rf1
Qe7 48. Rxd5 Rg6 49. Rf6 Rxf6 50. exf6 Qxf6 51. Qg4+ 1-0

[Event "Fide Grand Prix Thessaloniki 2013"]
[Site "Thessaloniki GRE"]
[Date "2013.06.02"]
[Round "10.6"]
[White "Svidler, Peter"]
[Black "Kasimdzhanov, Rustam"]
[Result "1/2-1/2"]
[WhiteElo "2769"]
[BlackElo "2699"]
[PlyCount "73"]
[EventDate "2013.05.22"]
[EventType "tourn"]
[EventRounds "11"]
[EventCountry "GRE"]
[EventCategory "21"]
[Source "lmi"]
[SourceDate "2013.05.22"]

1. e4 e5 2. Nf3 Nc6 3. Bb5 a6 4. Ba4 Nf6 5. O-O b5 6. Bb3 Bc5 7. a4 Rb8 8. Nxe5
Nxe5 9. d4 Bxd4 10. Qxd4 d6 11. f4 Nc6 12. Qd3 O-O 13. Nc3 Nb4 14. Qd2 Qe7 15.
axb5 axb5 16. Re1 c5 17. e5 dxe5 18. fxe5 Ng4 19. Qg5 Qc7 20. Nd5 Nxd5 21. Bxd5
c4 22. Be3 h6 23. Qf4 Nxe3 24. Qxe3 Bb7 25. Ra7 Qc8 26. Rxb7 Rxb7 27. Bxb7 Qxb7
28. e6 fxe6 29. Qxe6+ Kh8 30. h3 Qa7+ 31. Qe3 Qb7 32. b3 cxb3 33. Qxb3 Qb6+ 34.
Qe3 Qxe3+ 35. Rxe3 Rc8 36. Re5 Rxc2 37. Rxb5 1/2-1/2

[Event "Fide Grand Prix Thessaloniki 2013"]
[Site "Thessaloniki GRE"]
[Date "2013.06.03"]
[Round "11.1"]
[White "Kasimdzhanov, Rustam"]
[Black "Grischuk, Alexander"]
[Result "1/2-1/2"]
[WhiteElo "2699"]
[BlackElo "2779"]
[PlyCount "49"]
[EventDate "2013.05.22"]
[EventType "tourn"]
[EventRounds "11"]
[EventCountry "GRE"]
[EventCategory "21"]
[Source "lmi"]
[SourceDate "2013.05.22"]

1. e4 c5 2. Nf3 d6 3. d4 cxd4 4. Nxd4 Nf6 5. Nc3 a6 6. Be3 e6 7. f3 b5 8. Qd2
Nbd7 9. g4 h6 10. O-O-O b4 11. Nce2 Qc7 12. h4 d5 13. Bf4 e5 14. Bh2 dxe4 15.
g5 hxg5 16. hxg5 Rxh2 17. Rxh2 exd4 18. Rh8 Nd5 19. Qxd4 Bb7 20. Qxe4+ Ne7 21.
Qxb4 Ng6 22. Rg8 Ne7 23. Rh8 Ng6 24. Rg8 Ne7 25. Rh8 1/2-1/2

[Event "Fide Grand Prix Thessaloniki 2013"]
[Site "Thessaloniki GRE"]
[Date "2013.06.03"]
[Round "11.3"]
[White "Bacrot, Etienne"]
[Black "Ivanchuk, Vassily"]
[Result "0-1"]
[WhiteElo "2725"]
[BlackElo "2755"]
[PlyCount "80"]
[EventDate "2013.05.22"]
[EventType "tourn"]
[EventRounds "11"]
[EventCountry "GRE"]
[EventCategory "21"]
[Source "lmi"]
[SourceDate "2013.05.22"]

1. d4 Nf6 2. c4 g6 3. Nc3 d5 4. cxd5 Nxd5 5. e4 Nxc3 6. bxc3 Bg7 7. Nf3 c5 8.
Rb1 O-O 9. Be2 cxd4 10. cxd4 Qa5+ 11. Bd2 Qxa2 12. O-O b6 13. Qc1 Qe6 14. Re1
Bb7 15. Bb5 Na6 16. Bf4 Qc8 17. Qe3 Qd8 18. d5 Nc5 19. Ne5 e6 20. Nc6 Bxc6 21.
Bxc6 Rc8 22. Bg5 f6 23. Bh4 g5 24. Bg3 f5 25. exf5 exd5 26. Bb5 Qf6 27. Qa3
Qxf5 28. Qxa7 Bd4 29. Rbd1 Bxf2+ 30. Bxf2 Qxf2+ 31. Kh1 Ne4 32. Qb7 Nc3 33. Bd3
Qf7 34. Re7 Nxd1 35. Rxf7 Nf2+ 36. Kg1 Rc1+ 37. Bf1 Rxf7 38. Qxd5 Ne4 39. Qd8+
Kg7 40. Qd4+ Kh6 0-1

[Event "Fide Grand Prix Thessaloniki 2013"]
[Site "Thessaloniki GRE"]
[Date "2013.06.03"]
[Round "11.5"]
[White "Caruana, Fabiano"]
[Black "Kamsky, Gata"]
[Result "1-0"]
[WhiteElo "2774"]
[BlackElo "2741"]
[PlyCount "73"]
[EventDate "2013.05.22"]
[EventType "tourn"]
[EventRounds "11"]
[EventCountry "GRE"]
[EventCategory "21"]
[Source "lmi"]
[SourceDate "2013.05.22"]

1. e4 e5 2. Nf3 Nc6 3. Bb5 a6 4. Ba4 Nf6 5. O-O Be7 6. Re1 b5 7. Bb3 O-O 8. h3
Bb7 9. d3 d6 10. a3 Qd7 11. Nbd2 Rfe8 12. Nf1 Nd8 13. Ng3 g6 14. Bh6 Ne6 15.
Qd2 c5 16. Ba2 Rac8 17. c4 Kh8 18. Ng5 Nxg5 19. Bxg5 Ng8 20. Bxe7 Rxe7 21. b4
f5 22. cxb5 axb5 23. f4 cxb4 24. axb4 Rf8 25. Rf1 Rg7 26. Rae1 h5 27. Rf2 h4
28. Nf1 exf4 29. Rxf4 g5 30. Rxf5 Rxf5 31. exf5 Qxf5 32. Re8 Bd5 33. Bxd5 Qxd5
34. Ne3 Qd4 35. Qd1 Kh7 36. Qh5+ Nh6 37. Re6 1-0

[Event "Fide Grand Prix Thessaloniki 2013"]
[Site "Thessaloniki GRE"]
[Date "2013.06.03"]
[Round "11.6"]
[White "Dominguez Perez, Leinier"]
[Black "Topalov, Veselin"]
[Result "1-0"]
[WhiteElo "2723"]
[BlackElo "2793"]
[PlyCount "141"]
[EventDate "2013.05.22"]
[EventType "tourn"]
[EventRounds "11"]
[EventCountry "GRE"]
[EventCategory "21"]
[Source "lmi"]
[SourceDate "2013.05.22"]

1. e4 c5 2. Nf3 e6 3. d4 cxd4 4. Nxd4 Nc6 5. Nc3 Qc7 6. Be3 a6 7. Qd2 Nf6 8.
O-O-O Bb4 9. f3 Ne5 10. Nb3 b5 11. Qf2 O-O 12. Bc5 Bxc5 13. Qxc5 Qxc5 14. Nxc5
d5 15. f4 Neg4 16. e5 Nd7 17. Nxd7 Bxd7 18. Rd4 Ne3 19. Kd2 Nf5 20. Rd3 b4 21.
Nd1 d4 22. Rg1 Bc6 23. g3 Rac8 24. Kc1 a5 25. Rd2 Rfd8 26. Bd3 a4 27. Re1 g6
28. b3 axb3 29. axb3 Ra8 30. Kb2 Ne7 31. Bc4 Bf3 32. Nf2 Nf5 33. Bd3 Ne3 34.
Be4 Bxe4 35. Nxe4 Rdc8 36. Ree2 Rd8 37. Nd6 Nf5 38. Re4 Nxd6 39. exd6 Rxd6 40.
Rdxd4 Rxd4 41. Rxd4 Rb8 42. c3 bxc3+ 43. Kxc3 Kf8 44. Rd7 Rc8+ 45. Kb2 Ke8 46.
Ra7 h5 47. b4 h4 48. Kb3 h3 49. b5 Rc5 50. Kb4 Rc2 51. b6 Kd8 52. Rxf7 Rxh2 53.
Rh7 Kc8 54. Kc5 Rc2+ 55. Kd6 h2 56. Kxe6 Rg2 57. Ke5 Rxg3 58. Rxh2 Rb3 59. Rh8+
Kb7 60. Rh7+ Kxb6 61. Kf6 Rb4 62. Kg5 Kc6 63. Rf7 Kd5 64. Kxg6 Rb6+ 65. Kg5 Rb8
66. f5 Rg8+ 67. Kf6 Ke4 68. Ra7 Rf8+ 69. Kg6 Rg8+ 70. Kf7 Rh8 71. Kg7 1-0